| 000 | 00482nam a2200145 a 4500 | ||
|---|---|---|---|
| 008 | 120416s1948 xx |||||||||||||| || u | ||
| 050 | _aTH 145 Bar | ||
| 100 | _aDrury, F. E | ||
| 245 | 1 | 0 | _aBuilding construction, book II |
| 246 | _aa course for third year students | ||
| 260 | _c1948 | ||
| 350 | _a0.00 | ||
| 700 | _aBartle, E. G | ||
| 995 |
_D0.00 _FCBU-MAIN LIBRARY (Kitwe) _H1 _I1.65 _M1 _UDAMAGED _ZMain Library Open Access Collection |
||
| 999 |
_c36243 _d36243 |
||